[Event "SVK-ch U18/20"]
[Site "Tatralandia"]
[Date "2025.05.15"]
[Round "6"]
[White "Sujan, Daniel"]
[Black "Cizmar, Tomas"]
[Result "0-1"]
[WhiteElo "1874"]
[BlackElo "1888"]
[PlyCount "112"]
[EventDate "2025.05.11"]
[EventType "swiss"]
[EventRounds "9"]
[EventCountry "SVK"]
[SourceTitle "CB21_2025"]
[SourceDate "2025.05.21"]
[SourceVersion "1"]
[SourceVersionDate "2025.05.21"]
[SourceQuality "1"]

1. d4 d5 2. c4 c6 3. Nc3 Nf6 4. Nf3 e6 5. Bg5 Nbd7 6. e3 Qa5 7. Nd2 dxc4 8. Bxf6 Nxf6 9. Nxc4 Qc7 10. Bd3 Be7 11. 0-0 0-0 12. Rc1 Rd8 13. Qe2 Bd7 14. Ne5 Be8 15. Rfd1 Rac8 16. Nf3 Nd5 17. Ne4 Nb4 18. Bb1 a5 19. a3 Na6 20. Bd3 Qb6 21. Bxa6 bxa6 22. Nc5 Bxc5 23. Rxc5 Rd5 24. Qc2 f6 25. Rd2 Bg6 26. Qc3 a4 27. Kf1 Bb1 28. Ne1 Qc7 29. Kg1 Ba2 30. Nd3 a5 31. Nf4 Rxc5 32. Qxc5 Bb3 33. Ne2 Rd8 34. Nc1 Bd5 35. f3 Rb8 36. e4 Qf4 37. Qc3 Bb3 38. g3 Qd6 39. Qxa5 Rb5 40. Qc3 Qc7 41. Kf2 Qb6 42. Nxb3 Rxb3 43. Qc4 Kf7 44. Qxa4 Rxb2 45. Rxb2 Qxb2+ 46. Kg1 Qc1+ 47. Kg2 Qd2+ 48. Kh3 Qh6+ 49. Kg2 Qd2+ 50. Kf1 Qd3+ 51. Kf2 Qd2+ 52. Kg1 Qe1+ 53. Kg2 Qe2+ 54. Kh3 Qf1+ 55. Kg4 h5+ 56. Kh4 g5+ 0-1

[Event "SVK-ch U18/20"]
[Site "Tatralandia"]
[Date "2025.05.13"]
[Round "3"]
[White "Cizmar, Tomas"]
[Black "Salgovic, Simon"]
[Result "0-1"]
[WhiteElo "1888"]
[BlackElo "2132"]
[PlyCount "80"]
[EventDate "2025.05.11"]
[EventType "swiss"]
[EventRounds "9"]
[EventCountry "SVK"]
[SourceTitle "CB21_2025"]
[SourceDate "2025.05.21"]
[SourceVersion "1"]
[SourceVersionDate "2025.05.21"]
[SourceQuality "1"]

1. d4 Nf6 2. Bg5 Ne4 3. Bf4 d5 4. e3 e6 5. Nf3 Bd6 6. Bd3 0-0 7. 0-0 b6 8. Bxd6 Qxd6 9. Nbd2 Bb7 10. c4 Nd7 11. Rc1 f5 12. Qc2 c5 13. Nb3 Rac8 14. Qe2 Ba8 15. Rfd1 Kh8 16. h4 Qe7 17. g3 b5 18. Bxe4 fxe4 19. Ng5 bxc4 20. Nxc5 Rxc5 21. dxc5 Nxc5 22. Rc3 Nd3 23. Nh3 e5 24. Rf1 Bb7 25. Kg2 Bc8 26. Ng1 Qe6 27. f4 exf4 28. exf4 d4 29. Ra3 Bb7 30. Kh2 Qb6 31. b3 c3 32. Nf3 exf3 33. Qxd3 Re8 34. Ra4 Re2+ 35. Kh3 Rd2 36. Qf5 Qd8 37. Rc4 Ba6 38. Rxf3 Bxc4 39. bxc4 c2 40. Rf1 Rd1 0-1

[Event "SVK-chT2A 2425"]
[Site "Slovakia"]
[Date "2024.11.10"]
[Round "2.6"]
[White "Cizmar, Tomas"]
[Black "Skocik, Jozef"]
[Result "1-0"]
[WhiteElo "1902"]
[BlackElo "1911"]
[PlyCount "49"]
[EventDate "2024.11.09"]
[EventType "team-tourn"]
[EventRounds "11"]
[EventCountry "SVK"]
[SourceTitle "CB51_2024"]
[SourceDate "2024.12.18"]
[SourceVersion "1"]
[SourceVersionDate "2024.12.18"]
[SourceQuality "1"]
[WhiteTeam "Bratislava Doprastav III"]
[BlackTeam "Hlohovec"]
[WhiteTeamCountry "SVK"]
[BlackTeamCountry "SVK"]

1. e4 c5 2. Nf3 Nc6 3. d4 cxd4 4. Nxd4 Nf6 5. Nc3 g6 6. Bc4 Bg7 7. Be3 d6 8. Qd2 Bd7 9. 0-0-0 0-0 10. Kb1 Re8 11. f3 Ne5 12. Bb3 Rc8 13. g4 Nc4 14. Bxc4 Rxc4 15. h4 Qc8 16. h5 Nxg4 17. fxg4 Bxg4 18. Rdg1 gxh5 19. Nd1 e6 20. Nf2 f5 21. Nxg4 hxg4 22. Rh5 f4 23. Bf2 g3 24. Qxf4 gxf2 25. Rxg7+ 1-0

[Event "Bratislava exe op 2nd"]
[Site "Bratislava"]
[Date "2024.09.22"]
[Round "9"]
[White "Lai, Cyrus Ho Yeung"]
[Black "Cizmar, Tomas"]
[Result "0-1"]
[WhiteElo "1847"]
[BlackElo "1800"]
[PlyCount "42"]
[EventDate "2024.09.14"]
[EventType "swiss"]
[EventRounds "9"]
[EventCountry "SVK"]
[SourceTitle "EXT 2025"]
[Source "ChessBase"]
[SourceDate "2024.10.14"]
[SourceVersion "1"]
[SourceVersionDate "2024.10.14"]
[SourceQuality "1"]

1. e4 e6 2. d4 d5 3. Nc3 Bb4 4. e5 c5 5. a3 Bxc3+ 6. bxc3 Ne7 7. Qg4 Qc7 8. Qxg7 Rg8 9. Qxh7 cxd4 10. Ne2 Nbc6 11. f4 dxc3 12. Qd3 Bd7 13. Nxc3 a6 14. Ne2 Rc8 15. Bd2 Nf5 16. Rb1 Nce7 17. h3 Bb5 18. Rxb5 axb5 19. g4 Nh4 20. Nd4 Qc4 21. Qe3 Qxd4 0-1

[Event "Bratislava exe op 2nd"]
[Site "Bratislava"]
[Date "2024.09.20"]
[Round "7"]
[White "Sandlers, Philipp"]
[Black "Cizmar, Tomas"]
[Result "0-1"]
[WhiteElo "1914"]
[BlackElo "1800"]
[PlyCount "63"]
[EventDate "2024.09.14"]
[EventType "swiss"]
[EventRounds "9"]
[EventCountry "SVK"]
[SourceTitle "EXT 2025"]
[Source "ChessBase"]
[SourceDate "2024.10.14"]
[SourceVersion "1"]
[SourceVersionDate "2024.10.14"]
[SourceQuality "1"]

1. d4 d5 2. c4 c6 3. Nc3 Nf6 4. e3 Bf5 5. cxd5 cxd5 6. Qb3 Nc6 7. Qxb7 Bd7 8. Qb3 Rb8 9. Qd1 e5 10. dxe5 Nxe5 11. Be2 Bb4 12. Nf3 Qc7 13. Bd2 Nc4 14. Bxc4 dxc4 15. 0-0 0-0 16. Qc2 Bc6 17. Nd4 Ng4 18. f4 Bxc3 19. bxc3 Rfe8 20. Nxc6 Qxc6 21. Rae1 Qc5 22. Rf3 Rbd8 23. Kh1 Rd3 24. h3 Nf6 25. Bc1 Ne4 26. Qa4 Red8 27. Ba3 Qc7 28. Bb4 Nxc3 29. Qa6 Nd5 30. Ba5 Nb6 31. Rc1 Rd1+ 32. Rf1 0-1

[Event "Bratislava exe op 2nd"]
[Site "Bratislava"]
[Date "2024.09.18"]
[Round "5"]
[White "Kudela, Oliver"]
[Black "Cizmar, Tomas"]
[Result "1/2-1/2"]
[WhiteElo "2031"]
[BlackElo "1800"]
[PlyCount "74"]
[EventDate "2024.09.14"]
[EventType "swiss"]
[EventRounds "9"]
[EventCountry "SVK"]
[SourceTitle "EXT 2025"]
[Source "ChessBase"]
[SourceDate "2024.10.14"]
[SourceVersion "1"]
[SourceVersionDate "2024.10.14"]
[SourceQuality "1"]

1. e4 c5 2. Nf3 Nc6 3. d4 cxd4 4. Nxd4 Nf6 5. Nc3 e5 6. Ndb5 d6 7. Bg5 a6 8. Na3 b5 9. Nd5 Be7 10. Bxf6 Bxf6 11. c3 0-0 12. Nc2 Bg5 13. h4 Be7 14. g3 f5 15. Bg2 f4 16. 0-0 g5 17. Nxe7+ Nxe7 18. hxg5 Be6 19. Nb4 Qb6 20. Kh2 Bc4 21. Nd3 Ra7 22. gxf4 Bxd3 23. Qxd3 Rxf4 24. Qe3 Qb8 25. Rad1 Ng6 26. Rxd6 Raf7 27. Rxa6 Qc8 28. Rf6 Rh4+ 29. Kg1 Nf4 30. f3 Rg7 31. Kf2 Rxg5 32. Rg1 Rh2 33. Rxf4 exf4 34. Qxf4 Qc5+ 35. Kf1 Qc4+ 36. Kf2 Qc5+ 37. Kf1 Qc4+ 1/2-1/2

[Event "SVK-chT2A 2324"]
[Site "Slovakia"]
[Date "2024.03.17"]
[Round "11.6"]
[White "Jarabek, Milan"]
[Black "Cizmar, Tomas"]
[Result "0-1"]
[WhiteElo "1836"]
[BlackElo "1727"]
[PlyCount "24"]
[EventDate "2023.10.07"]
[EventType "team-tourn"]
[EventRounds "11"]
[EventCountry "SVK"]
[SourceTitle "EXT 2025"]
[Source "ChessBase"]
[SourceDate "2024.10.14"]
[SourceVersion "1"]
[SourceVersionDate "2024.10.14"]
[SourceQuality "1"]
[WhiteTeam "Osuske II"]
[BlackTeam "Bratislava Doprastav III"]
[WhiteTeamCountry "SVK"]
[BlackTeamCountry "SVK"]

1. e4 e6 2. d4 d5 3. exd5 exd5 4. Bd3 Nf6 5. Nf3 c5 6. dxc5 Bxc5 7. 0-0 0-0 8. h3 Re8 9. Bg5 h6 10. Bh4 g5 11. Bg3 Ne4 12. Nbd2 Nxg3 0-1

[Event "Bratislava Rintel Memorial"]
[Site "Bratislava"]
[Date "2018.08.30"]
[Round "3"]
[White "Cizmar, Tomas"]
[Black "Horvathova, Hana"]
[Result "1-0"]
[WhiteElo "1475"]
[BlackElo "1298"]
[PlyCount "83"]
[EventDate "2018.08.29"]
[EventType "swiss"]
[EventRounds "7"]
[EventCountry "SVK"]
[SourceTitle "CBM 186 Extra"]
[Source "ChessBase"]
[SourceDate "2018.08.24"]
[SourceVersion "1"]
[SourceVersionDate "2018.08.24"]
[SourceQuality "1"]

1. e4 e5 2. Nf3 Nc6 3. Nc3 Bb4 4. d4 exd4 5. Nxd4 d6 6. Nxc6 bxc6 7. Qd4 Bxc3+ 8. Qxc3 Bd7 9. Qxg7 Qf6 10. Bh6 Qxg7 11. Bxg7 Ne7 12. Bxh8 c5 13. Bd3 Nc6 14. 0-0-0 0-0-0 15. Bc3 Nb4 16. Bxb4 cxb4 17. Ba6+ Kb8 18. c3 Bc8 19. Bxc8 Kxc8 20. cxb4 Rg8 21. g3 Rg4 22. f4 Rg6 23. Kd2 Re6 24. Ke3 f5 25. Rd4 c6 26. Kf3 fxe4+ 27. Rxe4 Rf6 28. Re8+ Kd7 29. Rhe1 Rf7 30. g4 d5 31. g5 Kd6 32. h4 Rd7 33. R8e6+ Kc7 34. Re7 Kd6 35. Rxd7+ Kxd7 36. f5 Kd6 37. f6 d4 38. f7 Kd5 39. f8Q d3 40. Qd8+ Kc4 41. Re4+ Kb5 42. Qa5# 1-0

[Event "Bratislava U16 op 43rd"]
[Site "Bratislava"]
[Date "2016.08.21"]
[Round "6"]
[White "Havalda, Samuel"]
[Black "Cizmar, Tomas"]
[Result "1-0"]
[WhiteElo "1000"]
[BlackElo "1000"]
[PlyCount "215"]
[EventDate "2016.08.19"]
[EventType "swiss"]
[EventRounds "7"]
[EventCountry "SVK"]
[SourceTitle "CBM 174 Extra"]
[Source "ChessBase"]
[SourceDate "2016.10.10"]
[SourceVersion "1"]
[SourceVersionDate "2016.10.10"]
[SourceQuality "1"]

1. e4 e5 2. Bc4 Nf6 3. Nh3 Nxe4 4. Qh5 Qe7 5. d3 Nf6 6. Qe2 Nc6 7. Ng5 Nd4 8. Qd2 h6 9. Nxf7 Rh7 10. Nc3 d5 11. Nxd5 Nxd5 12. Bxd5 Be6 13. Be4 Bxf7 14. Bxh7 Qc5 15. c3 Qb6 16. cxd4 Bb4 17. 0-0 Bxd2 18. Bxd2 Qxd4 19. Bc3 Qc5 20. Be4 0-0-0 21. Bf5+ Kb8 22. Rfe1 e4 23. Rxe4 Bd5 24. d4 Qf8 25. Re5 Qf6 26. Rf1 Qg5 27. g3 Qh5 28. Be4 Qf7 29. Bxd5 Rxd5 30. Rxd5 Qxd5 31. Re1 c6 32. b3 Kc7 33. Re7+ Kd6 34. Bb4+ c5 35. Re5 Qf3 36. Bxc5+ Kc6 37. Bxa7 Qd1+ 38. Kg2 b6 39. d5+ Kd6 40. Bb8+ Kd7 41. d6 Qd4 42. Re7+ Kd8 43. Bc7+ Kc8 44. Re8+ Kd7 45. Rd8+ Ke6 46. d7 Qd5+ 47. f3 Qd2+ 48. Kh3 h5 49. Re8+ Kxd7 50. Rd8+ Kxc7 51. Rxd2 Kc6 52. Kh4 g6 53. Kg5 Kb5 54. Kxg6 Kb4 55. Kxh5 Kc3 56. Rg2 Kd4 57. f4 Ke4 58. Kg6 Kf3 59. Rb2 Ke4 60. f5 Kf3 61. f6 Ke4 62. f7 Kd3 63. f8Q Kc3 64. Qf2 Kd3 65. Qxb6 Kc3 66. Qf2 Kd3 67. Qd2+ Ke4 68. Qd3+ Kxd3 69. h4 Kc3 70. Rb1 Kc2 71. h5 Kxb1 72. h6 Kxa2 73. h7 Kxb3 74. h8Q Kc4 75. g4 Kd5 76. g5 Ke6 77. Kg7 Ke7 78. g6 Ke6 79. Kg8 Kf5 80. g7 Kf6 81. Kf8 Kf5 82. g8R Kf4 83. Qh5 Ke4 84. Qg5 Kd4 85. Qf5 Kc4 86. Qe5 Kb4 87. Qd5 Ka4 88. Rg4+ Ka3 89. Ra4+ Kxa4 90. Qc5 Kb3 91. Qd4 Kc2 92. Qe3 Kb2 93. Qd3 Kc1 94. Qe2 Kb1 95. Qd2 Ka1 96. Kg8 Kb1 97. Kf7 Ka1 98. Ke6 Kb1 99. Kd5 Ka1 100. Ke4 Kb1 101. Kf3 Ka1 102. Ke2 Kb1 103. Kd3 Ka1 104. Kc3 Kb1 105. Kb3 Ka1 106. Qc3+ Kb1 107. Qc2+ Ka1 108. Qa2# 1-0

[Event "Bratislava U16 op 43rd"]
[Site "Bratislava"]
[Date "2016.08.20"]
[Round "3"]
[White "Carnecka, Stella"]
[Black "Cizmar, Tomas"]
[Result "1-0"]
[WhiteElo "1209"]
[BlackElo "1000"]
[PlyCount "83"]
[EventDate "2016.08.19"]
[EventType "swiss"]
[EventRounds "7"]
[EventCountry "SVK"]
[SourceTitle "CBM 174 Extra"]
[Source "ChessBase"]
[SourceDate "2016.10.10"]
[SourceVersion "1"]
[SourceVersionDate "2016.10.10"]
[SourceQuality "1"]

1. e4 e5 2. Nf3 Nc6 3. Nc3 Bc5 4. Bc4 Nf6 5. d3 Ng4 6. 0-0 Bxf2+ 7. Rxf2 Nxf2 8. Kxf2 0-0 9. Be3 d6 10. Qd2 Bg4 11. Ne1 Qh4+ 12. Kg1 a6 13. d4 Rad8 14. a3 b5 15. Ba2 exd4 16. Bxd4 Ne7 17. Be3 Ng6 18. Bg5 Qh5 19. Bxd8 Rxd8 20. Qf2 Ne5 21. Nd3 Nxd3 22. cxd3 c6 23. e5 d5 24. d4 g5 25. Qf6 Re8 26. Qxc6 Re6 27. Qxd5 f6 28. exf6 Qg6 29. Qd8+ Kf7 30. Qd7+ Kf8 31. Bxe6 Bxe6 32. Qe7+ Kg8 33. Qxe6+ Qf7 34. Qxf7+ Kxf7 35. Rf1 a5 36. Nxb5 Ke6 37. f7 Kd5 38. f8Q Kc4 39. Qc5+ Kd3 40. Re1 Kd2 41. Qc1+ Kd3 42. Qc3# 1-0